Kalam allah Baksh Baksha / (Record no. 526826)

000 -LEADER
fixed length control field 00535nam a22001937a 4500
003 - CONTROL NUMBER IDENTIFIER
control field NUST
005 - DATE AND TIME OF LATEST TRANSACTION
control field 20190717044928.0
008 - FIXED-LENGTH DATA ELEMENTS--GENERAL INFORMATION
fixed length control field 190717b ||||| |||| 00| 0 eng d
038 ## - RECORD CONTENT LICENSOR
Staff Name Faiza
082 ## - DEWEY DECIMAL CLASSIFICATION NUMBER
Classification number 891.421
Author Mark FIS
100 ## - MAIN ENTRY--PERSONAL NAME
Personal name Faisal Hayat Japa
9 (RLIN) 17820
245 ## - TITLE STATEMENT
Title Kalam allah Baksh Baksha /
Statement of responsibility, etc. Faisal Hayat Japa
260 ## - PUBLICATION, DISTRIBUTION, ETC.
Place of publication, distribution, etc. Lahore:
Name of publisher, distributor, etc. Sanjh,
Date of publication, distribution, etc. 2006.
300 ## - PHYSICAL DESCRIPTION
Extent 79p. ;
500 ## - GENERAL NOTE
General note Paper Cover
880 ## - ALTERNATE GRAPHIC REPRESENTATION
Linkage 100-01\r
Title فیصل حیات جپا
880 ## - ALTERNATE GRAPHIC REPRESENTATION
Linkage 245-02\r
Title کلام اللہ بخش بخش /
942 ## - ADDED ENTRY ELEMENTS (KOHA)
Source of classification or shelving scheme
Koha item type Book
Holdings
Withdrawn status Lost status Source of classification or shelving scheme Damaged status Not for loan Permanent Location Current Location Date acquired Total Checkouts Full call number Barcode Date last seen Price effective from Koha item type
          Central Library (CL) Central Library (CL) 07/17/2019   891.421 FIS CL-E-1353 07/17/2019 07/17/2019 Book
© 2023 Central Library, National University of Sciences and Technology. All Rights Reserved.